| 000 | 00592nam a22001937a 4500 | ||
|---|---|---|---|
| 999 |
_c6361 _d6361 |
||
| 003 | AR-CdUCM | ||
| 008 | 190315b ||||| |||| 00| 0 spa d | ||
| 040 |
_aMUNICIPALIDAD PROVINCIAL DEL CUSCO _cBIBLIOTECA MUNICIPAL DEL CUSCO |
||
| 082 |
_a861.08 / _bSC28 |
||
| 100 |
_aScarpa, Roque Esteban _97479 |
||
| 245 |
_aPoesía del amor español : _bantología / |
||
| 260 |
_aSantaigo de Chile : _bZig-Zag, _c1941. |
||
| 300 |
_a701 páginas ; _c20.5 cm. |
||
| 500 | _aDonación familia Nieto | ||
| 650 |
_aPoesía española _9158 |
||
| 650 |
_aSiglo XX _98 |
||
| 942 |
_2ddc _cLIBROS |
||
| 945 | _aafb | ||